000 00742nam a2200217Ia 4500
003 OSt
005 20240726143610.0
008 210716s1981 xx 000 0 und d
040 _cAIMIT LIBRARY
041 _aeng
082 _a374.22
_21
_bSELP
100 _aSeldin, Peter.
_9174177
245 _aSuccessful faculty evaluation programs :
_bpractical guide to improve faculty performance and promotion/ tenure decisions /
_cBy Peter Seldin.
250 _a1st ed.
260 _aNew York ;
_bCoventry press ,
_c1981.
300 _aix,182p. ;
_bHB
_c24.2 cm
650 _aStudent evaluation
_9174178
650 _aFactor: research and publications
_9174179
650 _aModels of evaluation
_9174180
942 _2ddc
_cBK
_e1st ed.
_k374.22 SELP
999 _c206261
_d206261